Detalles MARC
| 000 -LEADER |
| fixed length control field |
01119nam a2200277 a 4500 |
| 001 - CONTROL NUMBER |
| control field |
|
| 003 - CONTROL NUMBER IDENTIFIER |
| control field |
DO-SdBNP |
| 005 - DATE AND TIME OF LATEST TRANSACTION |
| control field |
20211126090650.0 |
| 008 - FIXED-LENGTH DATA ELEMENTS--GENERAL INFORMATION |
| fixed length control field |
101013s2002 dr 001 0 spa d |
| 040 ## - CATALOGING SOURCE |
| Original cataloging agency |
DO-SdBNP |
| Language of cataloging |
spa |
| Transcribing agency |
BPMSU |
| 082 ## - DEWEY DECIMAL CLASSIFICATION NUMBER |
| Classification number |
724.1097293 |
| Item number |
P171m, 2002 |
| Edition number |
22 |
| 100 1# - MAIN ENTRY--PERSONAL NAME |
| Personal name |
Palm, Erwin Warter, |
| Dates associated with a name |
1910-1988. |
| 245 14 - TITLE STATEMENT |
| Title |
Los monumentos arquitectónicos de la Española / |
| Statement of responsibility, etc. |
Erwin Warter Palm. |
| 260 ## - PUBLICATION, DISTRIBUTION, ETC. (IMPRINT) |
| Place of publication, distribution, etc. |
Santo Domingo : |
| Name of publisher, distributor, etc. |
Sociedad Dominicana de Bibliófilos, |
| Date of publication, distribution, etc. |
2002. |
| 300 ## - PHYSICAL DESCRIPTION |
| Extent |
1 v. en varias paginaciones : |
| Other physical details |
il., mapa, retrs. ; |
| Dimensions |
28 cm. |
| 490 0# - SERIES STATEMENT |
| Series statement |
Clásicos bibliófilos |
| Volume/sequential designation |
5 |
| 500 ## - GENERAL NOTE |
| General note |
Incluye referencias bibliográficas y notas al pie de las páginas. |
| 500 ## - GENERAL NOTE |
| General note |
Incluye bibliografía e índice alfabético: p. 159-217. |
| 533 ## - REPRODUCTION NOTE |
| Type of reproduction |
Facsímil: |
| Place of reproduction |
Ciudad Trujillo, República Dominicana: |
| Agency responsible for reproduction |
Universidad Autónoma de Santo Domingo, |
| Date of reproduction |
1955. |
| 590 ## - LOCAL NOTE (RLIN) |
| Local note |
Inventariado, 2021/VM |
| 650 #4 - SUBJECT ADDED ENTRY--TOPICAL TERM |
| Topical term or geographic name as entry element |
Monumentos históricos |
| Geographic subdivision |
República Dominicana |
| 650 #4 - SUBJECT ADDED ENTRY--TOPICAL TERM |
| Topical term or geographic name as entry element |
Arquitectura colonial |
| Geographic subdivision |
República Dominicana |
| 650 #4 - SUBJECT ADDED ENTRY--TOPICAL TERM |
| Topical term or geographic name as entry element |
Arte colonial |
| Geographic subdivision |
República Dominicana |
| 910 ## - USER-OPTION DATA (OCLC) |
| User-option data |
VMateo V |
| 942 ## - ADDED ENTRY ELEMENTS (KOHA) |
| Source of classification or shelving scheme |
Dewey Decimal Classification |
| Koha item type |
Libros |